[Event "X Festival A"]
[Site "Trieste ITA"]
[Date "2008.08.31"]
[Round "2"]
[White "Mogranzini, Roberto"]
[Black "Samuelli, Daniele"]
[Result "1-0"]
[WhiteElo "2423"]
[BlackElo "1931"]
[PlyCount "129"]
[EventDate "2008.08.31"]

1. e4 d5 2. exd5 Nf6 3. Bb5+ Bd7 4. Be2 Nxd5 5. d4 Bf5 6. Nf3 e6 7. O-O Bd6 8.
c4 Nf4 9. c5 Nxe2+ 10. Qxe2 Be7 11. Qb5+ Nd7 12. Qxb7 O-O 13. Nc3 e5 14. Nxe5
Nxe5 15. dxe5 Bxc5 16. Qf3 Be6 17. Be3 Be7 18. Rfd1 Qc8 19. Nd5 Bd8 20. h3 c6
21. Nb4 c5 22. Nc6 Bd7 23. Nxd8 Rxd8 24. Rac1 Be6 25. Rxc5 Rxd1+ 26. Qxd1 Qb7
27. b3 a5 28. Rxa5 h6 29. Rxa8+ Qxa8 30. Qd2 Qe4 31. Bd4 Qb1+ 32. Kh2 Kh7 33.
f3 Kg8 34. Qb2 Qxb2 35. Bxb2 h5 36. Kg3 Kh7 37. Kf4 Kh6 38. h4 Kg6 39. Ke4 Bf5+
40. Kd4 Be6 41. Ke4 Bf5+ 42. Kf4 Be6 43. Bc3 Kh6 44. Bb4 Kg6 45. Bf8 Kh6 46.
Ke4 Kh7 47. Kd4 Kg6 48. Be7 Kh7 49. Bd6 Kg6 50. Bf8 Kh7 51. Kc3 g5 52. g3 g4
53. fxg4 Bxg4 54. a4 Kg6 55. b4 Bd7 56. b5 Kf5 57. Kc4 Ke6 58. Bg7 Be8 59. Kc5
Kd7 60. a5 Kc8 61. a6 Kb8 62. b6 Bd7 63. e6 Bc8 64. Be5+ Ka8 65. exf7 1-0

[Event "X Festival A"]
[Site "Trieste ITA"]
[Date "2008.08.31"]
[Round "2"]
[White "Pregarac, Valter"]
[Black "Miele, Roberto"]
[Result "0-1"]
[WhiteElo "2116"]
[BlackElo "1887"]
[PlyCount "86"]
[EventDate "2008.08.31"]

1. d4 Nf6 2. c4 g6 3. Nc3 Bg7 4. e4 d6 5. f3 O-O 6. Be3 e5 7. d5 Nh5 8. Qd2 f5
9. Nge2 f4 10. Bf2 Nd7 11. O-O-O a6 12. b4 b5 13. c5 Rf7 14. Kb2 Bf8 15. c6 Nb6
16. Bxb6 cxb6 17. Nc1 Nf6 18. Bd3 Ne8 19. Nb3 Rfa7 20. Ra1 Nc7 21. Qf2 a5 22.
a3 axb4 23. axb4 Na6 24. Nxb5 Nxb4 25. Bb1 Ra2+ 26. Rxa2 Rxa2+ 27. Bxa2 Nd3+
28. Kc3 Nxf2 29. Rf1 Ba6 30. Rxf2 Bxb5 31. Kb4 Ba6 32. Rc2 Qc7 33. Nd2 Be7 34.
Bb3 Bd8 35. Ra2 Bd3 36. Kc3 Bb5 37. Kb4 Bd3 38. Kc3 Bb5 39. Kb4 Be2 40. Nb1 b5
41. Ra6 Qb8 42. Nc3 Bf1 43. Bd1 Bb6 0-1

[Event "X Festival A"]
[Site "Trieste ITA"]
[Date "2008.08.31"]
[Round "2"]
[White "Scalcione, Michelangelo"]
[Black "Erdos, Viktor"]
[Result "1/2-1/2"]
[WhiteElo "2398"]
[BlackElo "2576"]
[PlyCount "20"]
[EventDate "2008.08.31"]

1. Nf3 Nf6 2. c4 e6 3. Nc3 d5 4. d4 dxc4 5. e4 Bb4 6. Bg5 c5 7. Bxc4 cxd4 8.
Nxd4 Qa5 9. Bb5+ Nbd7 10. Bxf6 gxf6 1/2-1/2

[Event "X Festival A"]
[Site "Trieste ITA"]
[Date "2008.08.31"]
[Round "2"]
[White "Sikanjic, Bojan"]
[Black "Vrhovnik, Damir"]
[Result "1-0"]
[WhiteElo "2177"]
[BlackElo "1996"]
[PlyCount "65"]
[EventDate "2008.08.31"]

1. Nf3 Nf6 2. c4 g6 3. Nc3 c5 4. g3 Bg7 5. Bg2 O-O 6. O-O Nc6 7. d4 cxd4 8.
Nxd4 Nxd4 9. Qxd4 d6 10. Qd3 Bf5 11. e4 Be6 12. b3 Nd7 13. Bb2 a5 14. f4 Nc5
15. Qd2 Qd7 16. Rae1 a4 17. f5 gxf5 18. exf5 Bxf5 19. Nd5 Be6 20. Nb6 Qd8 21.
Nxa8 Bxb2 22. Qxb2 Nd3 23. Qd2 Nxe1 24. Bxb7 Qb8 25. Be4 Qa7+ 26. Kh1 Rxa8 27.
Rxe1 Rc8 28. Qh6 Qd4 29. Bxh7+ Kh8 30. Rxe6 Qa1+ 31. Kg2 Qb2+ 32. Kh3 Qg7 33.
Bf5+ 1-0

[Event "X Festival A"]
[Site "Trieste ITA"]
[Date "2008.08.31"]
[Round "2"]
[White "Srebrnic, Marko"]
[Black "Fercec, Nenad"]
[Result "1/2-1/2"]
[WhiteElo "2313"]
[BlackElo "2486"]
[PlyCount "71"]
[EventDate "2008.08.31"]

1. e4 c5 2. Nf3 d6 3. Nc3 Nf6 4. d4 cxd4 5. Nxd4 a6 6. Bc4 e6 7. O-O b5 8. Bb3
b4 9. Na4 Bd7 10. c3 Nc6 11. cxb4 Nxb4 12. Nc3 Be7 13. Be3 O-O 14. f3 Nc6 15.
Nxc6 Bxc6 16. Rc1 Rb8 17. Qd2 Qd7 18. Rfd1 Qb7 19. Qf2 Nd7 20. Rd2 Ne5 21. Qf1
Rfc8 22. Rdc2 Bd7 23. Qe2 Nc6 24. Na4 Bd8 25. Rd1 Bc7 26. Rcd2 Be8 27. Bc4 Ra8
28. Nc3 Ba5 29. Rxd6 Bb4 30. R6d2 Ne5 31. Bb3 a5 32. Bd4 Nc6 33. Bf2 Ne5 34.
Bd4 Nc6 35. Bf2 Ne5 36. Bd4 1/2-1/2

[Event "X Festival A"]
[Site "Trieste ITA"]
[Date "2008.08.31"]
[Round "2"]
[White "Tiviakov, Sergei"]
[Black "Rukavina, Josip"]
[Result "1-0"]
[WhiteElo "2645"]
[BlackElo "2414"]
[PlyCount "81"]
[EventDate "2008.08.31"]

1. e4 d6 2. d4 Nf6 3. Nc3 g6 4. Bg5 c6 5. Qd2 b5 6. Bd3 Nbd7 7. f4 Nb6 8. Nf3
Bg7 9. O-O O-O 10. f5 d5 11. e5 b4 12. exf6 exf6 13. Bf4 bxc3 14. Qxc3 Bd7 15.
a4 Nc8 16. Nd2 Ne7 17. fxg6 fxg6 18. Nb3 Bf5 19. Bxf5 Nxf5 20. Qxc6 Rc8 21.
Qe6+ Kh8 22. c3 Re8 23. Qa6 Qe7 24. Nc5 Qf7 25. Rae1 Bf8 26. b4 Kg8 27. Qd3 Nd6
28. Bxd6 Bxd6 29. a5 Rxe1 30. Rxe1 Re8 31. Re2 Re7 32. Qf3 Kg7 33. g3 h5 34.
Kf2 Rxe2+ 35. Qxe2 h4 36. Qe6 hxg3+ 37. hxg3 Bc7 38. a6 Bb6 39. Qxf7+ Kxf7 40.
Nd7 Bd8 41. b5 1-0

[Event "X Festival A"]
[Site "Trieste ITA"]
[Date "2008.08.31"]
[Round "2"]
[White "Tonel, Giulia"]
[Black "Vitri, Sergio"]
[Result "1/2-1/2"]
[WhiteElo "1983"]
[BlackElo "2132"]
[PlyCount "52"]
[EventDate "2008.08.31"]

1. e4 Nf6 2. e5 Nd5 3. d4 d6 4. c4 Nb6 5. exd6 exd6 6. Nc3 Nc6 7. Be3 Be7 8.
Rc1 O-O 9. Bd3 Re8 10. Nge2 Nb4 11. O-O Nxd3 12. Qxd3 g6 13. b3 c6 14. f3 Bg5
15. f4 Bf6 16. Ng3 Bh4 17. f5 Bxg3 18. fxg6 Bxh2+ 19. Kxh2 hxg6 20. Qd2 Qh4+
21. Kg1 Bf5 22. Bg5 Qg4 23. Bf6 Nd7 24. Rf4 Qg3 25. Rf3 Qg4 26. Rf4 Qg3 1/2-1/2

[Event "X Festival A"]
[Site "Trieste ITA"]
[Date "2008.09.01"]
[Round "3"]
[White "Banusz, Tamas"]
[Black "Tiviakov, Sergei"]
[Result "1/2-1/2"]
[WhiteElo "2481"]
[BlackElo "2645"]
[PlyCount "32"]
[EventDate "2008.08.31"]

1. Nf3 Nf6 2. c4 b6 3. Nc3 Bb7 4. d4 e6 5. a3 g6 6. Bg5 Bg7 7. Qc2 h6 8. Bh4 d6
9. e4 g5 10. Bg3 Nh5 11. O-O-O Nxg3 12. hxg3 g4 13. Ng1 Nc6 14. Nge2 Qg5+ 15.
Kb1 O-O-O 16. d5 Ne7 1/2-1/2

[Event "X Festival A"]
[Site "Trieste ITA"]
[Date "2008.09.01"]
[Round "3"]
[White "Basagic, Zlatko"]
[Black "Narayanan, Srinath"]
[Result "1/2-1/2"]
[WhiteElo "2337"]
[BlackElo "2220"]
[PlyCount "47"]
[EventDate "2008.08.31"]

1. c4 c5 2. Nc3 Nc6 3. g3 g6 4. Bg2 Bg7 5. e3 e6 6. Nge2 Nge7 7. Nf4 Rb8 8. O-O
O-O 9. a3 a6 10. Rb1 b5 11. cxb5 axb5 12. b4 cxb4 13. axb4 d5 14. d4 Nf5 15.
Nd3 Nd6 16. Ra1 h5 17. Qb3 Nc4 18. Rd1 Qb6 19. Nc5 Rd8 20. Bb2 Bb7 21. Ne2 Ra8
22. Nf4 Rxa1 23. Rxa1 Ra8 24. Rxa8+ 1/2-1/2

[Event "X Festival A"]
[Site "Trieste ITA"]
[Date "2008.09.01"]
[Round "3"]
[White "Bosma, Jaap"]
[Black "Hartl, Daniel"]
[Result "0-1"]
[WhiteElo "2048"]
[BlackElo "2138"]
[PlyCount "44"]
[EventDate "2008.08.31"]

1. e4 e5 2. Nf3 Nc6 3. Bc4 Nf6 4. d3 Be7 5. a3 O-O 6. O-O d6 7. h3 h6 8. Re1
Nh7 9. Nc3 Kh8 10. Nd5 f5 11. exf5 Bxf5 12. Nxe7 Qxe7 13. c3 Qf6 14. Bd5 Rae8
15. Be3 Bc8 16. Nh2 Ne7 17. Bf3 Ng5 18. Bg4 Nd5 19. Qd2 Ne6 20. g3 b6 21. Re2
Qg6 22. h4 Nef4 0-1

[Event "X Festival A"]
[Site "Trieste ITA"]
[Date "2008.09.01"]
[Round "3"]
[White "Capaliku, Aleks"]
[Black "Heikkila, Antti"]
[Result "1-0"]
[WhiteElo "2114"]
[BlackElo "1993"]
[PlyCount "52"]
[EventDate "2008.08.31"]

1. f4 b6 2. Nf3 Bb7 3. e3 Nf6 4. b3 e6 5. Bb2 Be7 6. d4 O-O 7. Bd3 Nd5 8. Qe2
Nb4 9. O-O Nxd3 10. Qxd3 f5 11. Nbd2 d6 12. c4 Nd7 13. g3 Nf6 14. d5 exd5 15.
Qxf5 Ne4 16. Qe6+ Kh8 17. cxd5 Nc5 18. Qg4 Bf6 19. Bxf6 Qxf6 20. e4 Qc3 21. Qh4
Nd3 22. Ng5 h6 23. Ndf3 Rf6 24. e5 dxe5 25. fxe5 Rxf3 26. Nxf3 26... Nxe5 {...}
1-0

[Event "X Festival A"]
[Site "Trieste ITA"]
[Date "2008.09.01"]
[Round "3"]
[White "Fierro Baquero, Martha Lorena"]
[Black "Kragelj, Igor"]
[Result "0-1"]
[WhiteElo "2379"]
[BlackElo "2228"]
[PlyCount "138"]
[EventDate "2008.08.31"]

1. e4 c5 2. Nc3 Nc6 3. Bb5 Nd4 4. Bc4 e6 5. Nge2 Nf6 6. O-O b5 7. Nxb5 Nxb5 8.
Bxb5 Nxe4 9. d4 Be7 10. Qd3 Bb7 11. Be3 cxd4 12. Bxd4 O-O 13. Ng3 Nf6 14. c3 d6
15. Rfe1 Qc7 16. Ba4 Rfd8 17. Rad1 g6 18. c4 e5 19. Bc3 Rac8 20. b3 Ba8 21. f3
Bb7 22. Kh1 Ba8 23. Qd2 Qb7 24. Ba5 Rf8 25. Qb4 Kg7 26. Qxb7 Bxb7 27. Bb4 Rfd8
28. Rd2 h5 29. h3 Bc6 30. Bxc6 Rxc6 31. Red1 Kf8 32. Ne2 Ke8 33. Nc3 a6 34. Nd5
Nxd5 35. Rxd5 f5 36. Ba3 Rb6 37. g3 Rc6 38. Kg2 Rb6 39. Kf1 Rc6 40. Bb4 Kf7 41.
Ba3 Ke8 42. Kf2 Rb6 43. f4 exf4 44. gxf4 Rc6 45. Kf3 Rb6 46. Re1 Kf7 47. Red1
Ke8 48. R5d3 Rc6 49. R1d2 Rb6 50. Re2 Kf7 51. c5 Rc6 52. Red2 Ke6 53. Re2+ Kf7
54. Red2 Ke6 55. Kg3 d5 56. Rf2 Kf7 57. b4 Bf6 58. Kf3 d4 59. Bb2 Rb8 60. Ba3
Rb5 61. Rc2 Ke6 62. Re2+ Kd5 63. Re8 Kc4 64. Ke2 a5 65. bxa5 Rxa5 66. Rb8 Ra4
67. Rb6 Ra6 68. Rdb3 Be7 69. R6b4+ Kd5 0-1

[Event "X Festival A"]
[Site "Trieste ITA"]
[Date "2008.09.01"]
[Round "3"]
[White "Lalic, Bogdan"]
[Black "Scalcione, Michelangelo"]
[Result "1-0"]
[WhiteElo "2533"]
[BlackElo "2398"]
[PlyCount "65"]
[EventDate "2008.08.31"]

1. d4 d6 2. Nf3 Nf6 3. c4 g6 4. Nc3 Bf5 5. Qb3 Qc8 6. h3 Bg7 7. g4 Bd7 8. e4
Nc6 9. Be3 O-O 10. Be2 e5 11. d5 Nd4 12. Nxd4 exd4 13. Bxd4 Nxe4 14. Bxg7 Nc5
15. Qd1 Kxg7 16. Qd4+ f6 17. b4 Na6 18. c5 Qe8 19. O-O-O Qe5 20. c6 Bc8 21.
Bxa6 bxa6 22. Rhe1 Qxd4 23. Rxd4 f5 24. g5 f4 25. Re7+ Rf7 26. Re8 Rf8 27. Rde4
Bxh3 28. R4e7+ Kg8 29. Rxa8 Rxa8 30. Ne4 h5 31. gxh6 Rf8 32. Rg7+ Kh8 33. Ng5
1-0

[Event "X Festival A"]
[Site "Trieste ITA"]
[Date "2008.09.01"]
[Round "3"]
[White "Miele, Roberto"]
[Black "Znidarcic, Andrej"]
[Result "1/2-1/2"]
[WhiteElo "1887"]
[BlackElo "2218"]
[PlyCount "47"]
[EventDate "2008.08.31"]

1. e4 e5 2. Nf3 Nc6 3. d4 exd4 4. Bc4 d6 5. Nxd4 Nf6 6. Nxc6 bxc6 7. Nc3 Be7 8.
Bf4 O-O 9. e5 Bg4 10. f3 dxe5 11. Qxd8 Raxd8 12. Bxe5 Rfe8 13. fxg4 Bc5 14. Rd1
Rxe5+ 15. Be2 Rde8 16. Kf1 Bb4 17. Bf3 Bxc3 18. bxc3 Nd5 19. Kf2 Nxc3 20. Rd7
Ne4+ 21. Bxe4 Rxe4 22. Rxc7 Re2+ 23. Kf3 g5 24. Rc8 1/2-1/2

[Event "X Festival A"]
[Site "Trieste ITA"]
[Date "2008.09.01"]
[Round "3"]
[White "Mogranzini, Roberto"]
[Black "Drazic, Sinisa"]
[Result "1/2-1/2"]
[WhiteElo "2423"]
[BlackElo "2505"]
[PlyCount "82"]
[EventDate "2008.08.31"]

1. e4 e5 2. Nf3 Nc6 3. Bb5 Nd4 4. Nxd4 exd4 5. O-O Bc5 6. Bc4 Qh4 7. d3 d6 8.
Nd2 Bg4 9. f3 Be6 10. a4 a6 11. Bxe6 fxe6 12. Kh1 Nf6 13. Nb3 Ba7 14. c3 dxc3
15. bxc3 Nh5 16. Qe1 Qxe1 17. Rxe1 O-O-O 18. Rb1 Bb6 19. d4 e5 20. d5 Rhg8 21.
g4 Nf6 22. Bg5 Rdf8 23. Bxf6 Rxf6 24. Kg2 h5 25. h3 hxg4 26. hxg4 Rh8 27. Rh1
Rhh6 28. Rxh6 Rxh6 29. Nc1 Be3 30. Nd3 Kb8 31. c4 Ka7 32. Rb3 Rh8 33. Nxe5 Bd4
34. Nd3 g5 35. f4 gxf4 36. Nxf4 Be5 37. Ng6 Rh2+ 38. Kf1 Rh1+ 39. Kg2 Rh2+ 40.
Kf1 Rh1+ 41. Kg2 Rh2+ 1/2-1/2

[Event "X Festival A"]
[Site "Trieste ITA"]
[Date "2008.09.01"]
[Round "3"]
[White "Mufic, Goran"]
[Black "Sikanjic, Bojan"]
[Result "1/2-1/2"]
[WhiteElo "2298"]
[BlackElo "2177"]
[PlyCount "20"]
[EventDate "2008.08.31"]

1. b3 c5 2. Bb2 Nc6 3. f4 d5 4. e3 a6 5. Nf3 Nf6 6. Ne5 Qc7 7. Be2 e6 8. O-O
Be7 9. d3 O-O 10. Nd2 Nd7 1/2-1/2

[Event "X Festival A"]
[Site "Trieste ITA"]
[Date "2008.09.01"]
[Round "3"]
[White "Palac, Mladen"]
[Black "Srebrnic, Marko"]
[Result "1/2-1/2"]
[WhiteElo "2587"]
[BlackElo "2313"]
[PlyCount "128"]
[EventDate "2008.08.31"]

1. e4 c5 2. Nf3 Nc6 3. d4 cxd4 4. Nxd4 e5 5. Nb5 d6 6. N1c3 a6 7. Na3 b5 8. Nd5
Nf6 9. c4 b4 10. Nxf6+ Qxf6 11. Nc2 Qg6 12. Ne3 Be7 13. g3 O-O 14. Bg2 Bd8 15.
Nd5 Rb8 16. O-O Ne7 17. Be3 Nxd5 18. Qxd5 Qe6 19. Rfd1 Qxd5 20. Rxd5 Bc7 21. c5
dxc5 22. Bxc5 Re8 23. Bd6 Bxd6 24. Rxd6 a5 25. Rd5 a4 26. Ra5 Be6 27. Rxa4 Red8
28. b3 Rd2 29. Rc1 g6 30. h4 Rbd8 31. Rf1 R8d4 32. f4 exf4 33. gxf4 Bd7 34. Ra7
Rc2 35. Rf2 Rc1+ 36. Kh2 h6 37. Ra8+ Kg7 38. Rd8 Rd3 39. f5 gxf5 40. exf5 Bxf5
41. Rb8 Be6 42. Rxb4 Rcd1 43. Re4 Ra1 44. Bf3 Rc3 45. Rd4 Re1 46. Bd5 Bxd5 47.
Rxd5 Re4 48. h5 Rh4+ 49. Kg2 Rg4+ 50. Kf1 Rg5 51. Rxg5+ hxg5 52. Rb2 Kf6 53. b4
Ke6 54. b5 Kd7 55. Rf2 Ke7 56. Rh2 Rc1+ 57. Kf2 Kf8 58. h6 Kg8 59. h7+ Kh8 60.
Kg3 Rb1 61. a4 Rb4 62. Rh5 f6 63. Rh6 Rxa4 64. Rxf6 Rb4 1/2-1/2

[Event "X Festival A"]
[Site "Trieste ITA"]
[Date "2008.09.01"]
[Round "3"]
[White "Rezzuti, Vincenzo"]
[Black "Hrzica, Rok"]
[Result "0-1"]
[WhiteElo "1990"]
[BlackElo "2285"]
[PlyCount "64"]
[EventDate "2008.08.31"]

1. e4 c6 2. d4 d5 3. exd5 cxd5 4. c4 Nf6 5. Nc3 e6 6. Nf3 Bb4 7. Bd3 O-O 8. O-O
dxc4 9. Bxc4 Nc6 10. Bg5 Be7 11. Bd3 h6 12. Bh4 b6 13. Rc1 Bb7 14. Bb1 Rc8 15.
a3 Nd5 16. Nxd5 exd5 17. Bxe7 Qxe7 18. Re1 Qf6 19. Qd3 g6 20. b4 Qf4 21. Rc3
Rce8 22. Rec1 Re6 23. Ba2 Rd8 24. g3 Qd6 25. b5 Na5 26. Ne5 Re7 27. Qc2 a6 28.
bxa6 Bxa6 29. Nc6 Re2 30. Qxe2 Bxe2 31. Nxd8 Bc4 32. Bxc4 Nxc4 0-1

[Event "X Festival A"]
[Site "Trieste ITA"]
[Date "2008.09.01"]
[Round "3"]
[White "Rukavina, Josip"]
[Black "De Val, Daniele"]
[Result "1/2-1/2"]
[WhiteElo "2414"]
[BlackElo "2233"]
[PlyCount "120"]
[EventDate "2008.08.31"]

1. c4 g6 2. e4 Bg7 3. d4 d6 4. Nc3 e5 5. Nge2 Nc6 6. Be3 Nh6 7. d5 Ne7 8. f3 f5
9. Qd2 f4 10. Bf2 g5 11. c5 g4 12. O-O-O Nf7 13. Kb1 Ng5 14. Qd3 h5 15. Rc1 Bd7
16. Rc2 h4 17. fxg4 Bxg4 18. h3 Bd7 19. Nc1 dxc5 20. Bxc5 O-O 21. d6 cxd6 22.
Qxd6 Nc6 23. Bc4+ Kh7 24. Nb3 Rf6 25. Qd1 Be6 26. Rd2 Qe8 27. Bxe6 Nxe6 28. Qg4
Rh6 29. Nb5 Qg6 30. Nd6 Nxc5 31. Nxc5 Qxg4 32. hxg4 Bf8 33. Ncxb7 Rb8 34. Rc1
Nd4 35. Rc7+ Kg8 36. Rd7 Rh7 37. Rxh7 Kxh7 38. Rd3 Kg6 39. Rc3 Ne6 40. Rc6 Nd4
41. Ra6 f3 42. gxf3 Nxf3 43. Nf5+ Kg5 44. Nbd6 Kxg4 45. Nc4 Kf4 46. Rg6 h3 47.
Rg3 h2 48. Rh3 Kxe4 49. Nh4 Nxh4 50. Rxh4+ Kf3 51. Rxh2 e4 52. Rh5 Bg7 53. Kc2
Rh8 54. Rf5+ Ke2 55. Rg5 Bd4 56. Rd5 Be3 57. b4 Bf2 58. a4 Rc8 59. Kb3 e3 60.
b5 Kf1 1/2-1/2

[Event "X Festival A"]
[Site "Trieste ITA"]
[Date "2008.09.01"]
[Round "3"]
[White "Samuelli, Daniele"]
[Black "Raykhman, Alexander"]
[Result "0-1"]
[WhiteElo "1931"]
[BlackElo "2267"]
[PlyCount "176"]
[EventDate "2008.08.31"]

1. Nf3 d6 2. e4 c5 3. g3 Nc6 4. Bg2 Nf6 5. d3 g6 6. O-O Bg7 7. Re1 O-O 8. c3 e5
9. d4 cxd4 10. cxd4 Bg4 11. d5 Nd4 12. h3 Nxf3+ 13. Bxf3 Bxh3 14. Bg5 h6 15.
Kh2 Bd7 16. Bxf6 Bxf6 17. Kg2 Rc8 18. Bg4 Bxg4 19. Qxg4 Rc2 20. Na3 Rxb2 21.
Nc4 Rc2 22. Ne3 Rc7 23. Rh1 Bg7 24. Rh2 Qd7 25. Qh4 Rfc8 26. Rah1 Rc3 27. Ng4
h5 28. Ne3 Qa4 29. Kf3 Qd7 30. Kg2 Qa4 31. Kf3 Bh6 32. Re1 Qd7 33. g4 Bxe3 34.
fxe3 Qxg4+ 35. Qxg4 hxg4+ 36. Kxg4 Rc2 37. Rh6 Rxa2 38. Reh1 Rcc2 39. Kg5 Kf8
40. R6h3 b6 41. Kh6 a5 42. Kh7 a4 43. Kh8 b5 44. Rh7 Ke7 45. Rf1 Rc8+ 46. Kg7
Re8 47. Rc1 Kd7 48. Rb1 Re7 49. Kf8 Rc2 50. Rxb5 Rc8+ 51. Kg7 f5+ 52. Kxg6 Rxh7
53. Kxh7 fxe4 54. Ra5 Rc5 55. Ra7+ Ke8 56. Kg6 Rxd5 57. Kf5 Rd3 58. Ke6 Kd8 59.
Rxa4 Kc7 60. Rxe4 Rc3 61. Kd5 Kd7 62. Ra4 Ke7 63. Ra7+ Kf6 64. Kxd6 Rd3+ 65.
Kc5 Kf5 66. Kc4 Ke4 67. Rh7 Rd8 68. Re7 Rc8+ 69. Kb4 Rc1 70. Re8 Rc2 71. Kb3
Rc7 72. Kb4 Rc6 73. Kb5 Rc3 74. Kb4 Rxe3 75. Kc4 Ra3 76. Rf8 Ke3 77. Re8 e4 78.
Re7 Ra1 79. Re8 Ra7 80. Kc3 Rc7+ 81. Kb2 Kf3 82. Rf8+ Ke2 83. Re8 e3 84. Kb3
Kd2 85. Rd8+ Ke1 86. Re8 e2 87. Kb2 Rf7 88. Kc2 Kf1 0-1

[Event "X Festival A"]
[Site "Trieste ITA"]
[Date "2008.09.01"]
[Round "3"]
[White "Srebrnic, Vojko"]
[Black "Tonel, Giulia"]
[Result "1-0"]
[WhiteElo "2214"]
[BlackElo "1983"]
[PlyCount "95"]
[EventDate "2008.08.31"]

1. c4 e6 2. g3 Nf6 3. Bg2 d5 4. d4 dxc4 5. Qa4+ Nbd7 6. Nf3 a6 7. Qxc4 b5 8.
Qc2 Bb7 9. O-O c5 10. dxc5 Bxc5 11. Nc3 O-O 12. Bg5 Rc8 13. Qd3 Qb6 14. Rad1 h6
15. Bxf6 Nxf6 16. e3 Rfd8 17. Qe2 Re8 18. Nd2 e5 19. Nde4 Nxe4 20. Bxe4 Bxe4
21. Nxe4 Be7 22. Nc3 Bc5 23. Nd5 Qe6 24. Kg2 f5 25. e4 g6 26. Rc1 Rf8 27. f3
Bd4 28. Qd2 Kg7 29. Rxc8 Qxc8 30. Rc1 Qe6 31. Rc7+ Rf7 32. Qc2 fxe4 33. fxe4 h5
34. b3 a5 35. Rxf7+ Qxf7 36. Qc7 a4 37. h3 g5 38. Qxf7+ Kxf7 39. Kf3 axb3 40.
axb3 Bc5 41. g4 h4 42. Ke2 Bd6 43. Kd3 Ke6 44. Nc3 b4 45. Nd5 Kd7 46. Kc4 Kc6
47. Nxb4+ Kb6 48. Nd3 1-0

[Event "X Festival A"]
[Site "Trieste ITA"]
[Date "2008.09.01"]
[Round "3"]
[White "Stantic, Severino"]
[Black "Suc, Timothy"]
[Result "1-0"]
[WhiteElo "2024"]
[BlackElo "1833"]
[PlyCount "67"]
[EventDate "2008.08.31"]

1. c4 f5 2. g3 Nf6 3. Bg2 e6 4. Nf3 d5 5. d4 c6 6. b3 Bd6 7. O-O Qe7 8. Bb2 O-O
9. Qc1 b6 10. Ba3 Bb7 11. Bxd6 Qxd6 12. Qb2 c5 13. dxc5 bxc5 14. cxd5 exd5 15.
e3 Nc6 16. Nc3 Rad8 17. Rfd1 Ne5 18. Ne1 Rfe8 19. Rac1 Rc8 20. Qa3 a6 21. Na4
Nfd7 22. Rc2 Rc7 23. Rcd2 Nf6 24. Nc3 Rd8 25. Nd3 Nc6 26. Qxc5 Qd7 27. Nxd5
Nxd5 28. Nf4 Nce7 29. Qa5 Rf8 30. Nxd5 Nxd5 31. Bxd5+ Bxd5 32. Rxd5 Qc8 33. Rd6
Rc6 34. Qd5+ 1-0

[Event "X Festival A"]
[Site "Trieste ITA"]
[Date "2008.09.01"]
[Round "3"]
[White "Vitri, Sergio"]
[Black "Milazzo, Mario"]
[Result "0-1"]
[WhiteElo "2132"]
[BlackElo "2010"]
[PlyCount "82"]
[EventDate "2008.08.31"]

1. d4 Nf6 2. Nf3 g6 3. Bg5 Bg7 4. Nbd2 d5 5. e3 Nbd7 6. Bd3 O-O 7. O-O c5 8. c3
b6 9. Re1 Bb7 10. Qc2 Rc8 11. a4 c4 12. Bf1 a6 13. Bh4 b5 14. b3 Qc7 15. axb5
axb5 16. Reb1 Ra8 17. Bg3 Qc6 18. Qb2 Rxa1 19. Rxa1 Ra8 20. Rxa8+ Bxa8 21. Qa3
Bf8 22. Qa5 Bb7 23. Bc7 Ne8 24. Bd8 f6 25. h4 Kf7 26. bxc4 bxc4 27. e4 dxe4 28.
Bxc4+ e6 29. Bb5 Qc8 30. Ne1 Nd6 31. Ba4 Bh6 32. Nb3 e3 33. Qc7 exf2+ 34. Kxf2
Ne4+ 35. Kg1 Be3+ 36. Kh2 Qxc7+ 37. Bxc7 Ke7 38. c4 e5 39. d5 Bf4+ 40. Kg1 Be3+
41. Kf1 Ng3# 0-1

[Event "X Festival A"]
[Site "Trieste ITA"]
[Date "2008.09.01"]
[Round "3"]
[White "Vrhovnik, Damir"]
[Black "Pregarac, Valter"]
[Result "1/2-1/2"]
[WhiteElo "1996"]
[BlackElo "2116"]
[PlyCount "58"]
[EventDate "2008.08.31"]

1. e4 c5 2. Nf3 e6 3. d4 cxd4 4. c3 Nf6 5. e5 Nd5 6. Qxd4 Nc6 7. Qe4 d6 8. c4
Nb6 9. Bg5 Qc7 10. exd6 Bxd6 11. Nc3 a6 12. Rd1 O-O 13. Be3 f5 14. Qh4 Be7 15.
Bg5 Bxg5 16. Nxg5 h6 17. Nf3 Ne5 18. Nxe5 Qxe5+ 19. Be2 Bd7 20. O-O Bc6 21.
Rfe1 Qc5 22. a3 a5 23. Rd2 e5 24. Red1 e4 25. Nd5 Bxd5 26. cxd5 Qd6 27. Qg3
Rfd8 28. Qh3 Rf8 29. Qb3 Kh8 1/2-1/2

[Event "X Festival A"]
[Site "Trieste ITA"]
[Date "2008.09.01"]
[Round "3"]
[White "Zucchelli, Massimo"]
[Black "Cherin, Diego"]
[Result "0-1"]
[WhiteElo "2150"]
[BlackElo "2287"]
[PlyCount "74"]
[EventDate "2008.08.31"]

1. d4 f5 2. g3 Nf6 3. Bg2 g6 4. c3 Bg7 5. Qb3 c6 6. Nh3 e6 7. Nd2 O-O 8. O-O
Kh8 9. e4 d5 10. exf5 exf5 11. Nf3 Ne4 12. Nf4 b6 13. h4 Bf6 14. Re1 a5 15. Nd3
a4 16. Qc2 c5 17. Bh6 Re8 18. Nde5 Be6 19. Qd3 Qc8 20. a3 Ra7 21. Bf1 Qd8 22.
Qe3 c4 23. Bg2 Bg8 24. Qf4 Be6 25. Ng5 Bg7 26. Bxg7+ Kxg7 27. f3 Nxg5 28. hxg5
Rae7 29. Qh4 Kg8 30. f4 Qd6 31. Kf2 Nd7 32. Nxg6 hxg6 33. Rh1 Rg7 34. Rae1 Kf7
35. Re3 Nf8 36. Rhe1 Rh7 37. Rxe6 Rxe6 0-1

[Event "X Festival A"]
[Site "Trieste ITA"]
[Date "2008.09.02"]
[Round "4"]
[White "Degtiarev, Evgeny"]
[Black "Stantic, Severino"]
[Result "1-0"]
[WhiteElo "2367"]
[BlackElo "2024"]
[PlyCount "61"]
[EventDate "2008.08.31"]

1. d4 Nf6 2. c4 e6 3. Nf3 b6 4. Nc3 Bb4 5. Qc2 Bb7 6. a3 Bxc3+ 7. Qxc3 Ne4 8.
Qc2 f5 9. g3 d6 10. Bg2 Nd7 11. Ng5 Nxg5 12. Bxb7 Rb8 13. Bc6 Nf7 14. Qa4 a5
15. O-O Qe7 16. b4 axb4 17. axb4 Nd8 18. Bb5 Nf7 19. c5 Qd8 20. f3 Ke7 21.
cxd6+ cxd6 22. Bxd7 Qxd7 23. Qxd7+ Kxd7 24. Ra7+ Ke8 25. Be3 Nd8 26. Rc1 Rf8
27. Rxg7 Rf7 28. Rg8+ Kd7 29. b5 Re7 30. Bg5 Rf7 31. Ra1 1-0

[Event "X Festival A"]
[Site "Trieste ITA"]
[Date "2008.09.02"]
[Round "4"]
[White "Hartl, Daniel"]
[Black "Fierro Baquero, Martha Lorena"]
[Result "1/2-1/2"]
[WhiteElo "2138"]
[BlackElo "2379"]
[PlyCount "102"]
[EventDate "2008.08.31"]

1. e4 c5 2. Nf3 g6 3. d4 cxd4 4. Nxd4 Nc6 5. Nc3 Bg7 6. Be3 Nf6 7. Nxc6 bxc6 8.
e5 Ng8 9. f4 Nh6 10. Bd3 d6 11. Be4 O-O 12. Bxc6 Rb8 13. O-O Rxb2 14. Qc1 Rb8
15. Qa3 Bb7 16. Bxb7 Rxb7 17. Rad1 Ng4 18. Bd4 dxe5 19. Bc5 Rd7 20. Rxd7 Qxd7
21. Rd1 Qb7 22. Nd5 Rb8 23. Qf3 h5 24. h3 Nf6 25. Nxe7+ Kh7 26. fxe5 Nd7 27.
Qxf7 Nxe5 28. Qe6 Qe4 29. Qd5 Qxc2 30. Bxa7 Re8 31. Bc5 Nd7 32. Bb4 Ne5 33. a3
Nc4 34. Re1 Rf8 35. Qe4 Qf2+ 36. Kh1 Ne5 37. Qe3 Qxe3 38. Rxe3 Rf1+ 39. Kh2 Bh6
40. Re2 h4 41. Nd5 Bg7 42. Bc3 Nc6 43. Re4 g5 44. Bxg7 Kxg7 45. Ne3 Ra1 46. a4
Kf6 47. Rc4 Ne7 48. g3 Ra2+ 49. Rc2 hxg3+ 50. Kxg3 Rxa4 51. Rc3 Nf5+ 1/2-1/2